000 01447nam a2200361 a 4500
001 ebr10271076
003 CaPaEBR
006 m u
007 cr cn|||||||||
008 061205s2007 ne sb 001 0 eng
010 _z 2006051901
015 _aGBA710798
_2bnb
016 7 _z013661612
_2Uk
020 _z9789004157194 (alk. paper)
020 _z9004157190 (alk. paper)
040 _aCaPaEBR
_cCaPaEBR
035 _a(OCoLC)608455986
043 _aa-ii---
050 1 4 _aDS426
_b.B76 2007eb
082 0 4 _a934/.04
_222
100 1 _aBronkhorst, Johannes,
_d1946-
245 1 0 _aGreater Magadha
_h[electronic resource] :
_bstudies in the culture of early India /
_cby Johannes Bronkhorst.
260 _aLeiden ;
_aBoston :
_bBrill,
_c2007.
300 _axix, 414 p.
490 1 _aHandbook of oriental studies. Section two, India,
_x0169-9377 ;
_vv. 19
504 _aIncludes bibliographical references (p. [367]-400) and index.
533 _aElectronic reproduction.
_bPalo Alto, Calif. :
_cebrary,
_d2013.
_nAvailable via World Wide Web.
_nAccess may be limited to ebrary affiliated libraries.
651 0 _aMagadha (Kingdom)
_xCivilization.
655 7 _aElectronic books.
_2local
710 2 _aebrary, Inc.
830 0 _aHandbuch der Orientalistik.
_nZweite Abteilung,
_pIndien ;
_v19. Bd.
856 4 0 _uhttp://site.ebrary.com/lib/rucke/Doc?id=10271076
_zAn electronic book accessible through the World Wide Web; click to view
999 _c7197
_d7197